000 00223nam a22000857a 4500
008 170620b xxu||||| |||| 00| 0 eng d
100 _93580
_aJones,S.L
245 _aThe JesusStory book Bible
260 _aMichigan
_bZarar kidz
_c2007
999 _c6966
_d6966